| 000 | 00802nam a22002057a 4500 | ||
|---|---|---|---|
| 003 | OSt | ||
| 005 | 20240527104813.0 | ||
| 008 | 240523b ||||| |||| 00| 0 eng d | ||
| 040 | _cAIMIT LIBRARY | ||
| 100 |
_aDsouza, Macline Jane. _e2016074 _9167165 |
||
| 245 |
_aStudy on the effectiveness of health and safety programme on employee satisfaction with reference to campco ltd. Puttur / _cBy Macline Jane Dsouza ; Guided by G Vasantha. |
||
| 260 |
_aPutttur ; _c2022. |
||
| 650 |
_aIndustry profile _9167863 |
||
| 650 |
_aLiterature review /mapping _9167864 |
||
| 650 |
_aResearch methodology _9167865 |
||
| 650 |
_aData analysis and interpretation _9167866 |
||
| 700 |
_aVasantha, G. _eGuide _9167166 |
||
| 856 | _3Central Arecanut and cocoa marketing and processing co op Ltd. | ||
| 942 |
_2ddc _cPRO |
||
| 999 |
_c230905 _d230905 |
||